00558nam a2200205 a 4500001001300000003000900013005001700022008004100039020002300080082001900103100002500122245003600147260004200183300000900225500003500234505001000269650002700279650002100306700002500327nice12345678IN_TiNIC20260116013240.0050524s1992 dela grp 000 0 eng  a8121061 c32000a307.70954bCHA aChaudhury, Buddhadeb aReligion, Rituals and Festivals aDelhibInter-India Publicationsc1992 a262p aincludes index and biblioraphy2 aIndex aIndia-Tribes-Festivals aFestivals-Indian1 aChaudhury, Buddhadeb